Miami Heat All Stars: NBA - Statistics

General Stats
  • This quiz has been taken 38 times
  • The average score is 8 of 10
Answer Stats
Career Career With Heat All Stars Player % Correct
2004-2019 2004-2016, 2018-2019 13x Dwyane Wade
100%
2012- 2020- 6x Jimmy Butler
100%
2004- 2011-2014 20x LeBron James
100%
2004-2016 2011-2016 11x Chris Bosh
97%
2018- 2018- 3x Bam Adebayo
88%
1993-2008 1996-2002, 2006-2008 7x Alonzo Mourning
84%
1993-2011 2005-2008 15x Shaquille O'Neal
81%
1990-2003 1996-2001 5x Tim Hardaway
66%
2009-2023 2015-2021 1x Goran Dragic
56%
1990-2003 2001 1x Anthony Mason
16%
No matching quizzes found
Score Distribution
Percent of People with Each Score
Percentile by Number Answered
Your Score History
You have not taken this quiz